[Event "MCR senioru 2014 - nad 50 let"]
[Site "Rychnov nad Kneznou"]
[Date "2014.08.22"]
[Round "7.1"]
[White "Elias, Miroslav"]
[Black "Shilov, Sergej"]
[Result "1-0"]
[WhiteElo "2079"]
[BlackElo "2141"]
[PlyCount "62"]
[EventDate "2014.??.??"]

1. e4 c5 2. b3 Nc6 3. Bb2 d6 4. f4 e5 5. Bb5 Nf6 6. fxe5 Nxe4 7. Nf3 d5 8. O-O
Bg4 9. h3 Bh5 10. Qe1 a6 11. Bxc6+ bxc6 12. g4 Bg6 13. h4 h5 14. g5 c4 15. e6
Bc5+ 16. Kg2 Qd6 17. d3 O-O-O 18. dxe4 dxe4 19. Ne5 Qxe6 20. Qa5 Rd5 21. Qxa6+
Kc7 22. Qxc4 Rxe5 23. Qxe6 Rxe6 24. Bxg7 Rhe8 25. Nc3 e3 26. Rf4 Rd8 27. Re1
Rd2+ 28. Re2 Bxc2 29. Rxf7+ Kc8 30. Rf6 Kd7 31. Kf3 Bd3 1-0

[Event "MCR senioru 2014 - nad 50 let"]
[Site "Rychnov nad Kneznou"]
[Date "2014.08.22"]
[Round "7.2"]
[White "Lorenc, Oldrich"]
[Black "Urban, Zdenek"]
[Result "1/2-1/2"]
[WhiteElo "2081"]
[BlackElo "2152"]
[PlyCount "127"]
[EventDate "2014.??.??"]

1. e4 d6 2. d4 Nf6 3. Nc3 e5 4. dxe5 dxe5 5. Qxd8+ Kxd8 6. Bg5 Be6 7. O-O-O+
Nbd7 8. f4 exf4 9. e5 h6 10. Bxf4 Ng4 11. Nh3 g5 12. Bg3 Bg7 13. Bd3 Bxe5 14.
Rhe1 Bxg3 15. hxg3 c6 16. Rd2 Kc7 17. Nf2 Nxf2 18. Rxf2 Rae8 19. Kd2 Rd8 20.
Bf5 Bxf5 21. Rxf5 f6 22. Re3 Ne5+ 23. Ke2 Rhe8 24. Rxf6 Ng4 25. Rf7+ Kb6 26.
Ree7 Rd7 27. Rxe8 Rxf7 28. Ne4 Kc7 29. Re6 b6 30. b4 b5 31. a3 Kb6 32. Re8 Rf5
33. Rb8+ Kc7 34. Rb7+ Kxb7 35. Nd6+ Kb6 36. Nxf5 a5 37. Kd2 a4 38. c4 Ne5 39.
c5+ Kc7 40. Ne3 h5 41. Kc3 Kd7 42. Kd4 Ke6 43. Ke4 Nd7 44. Kd4 Nf6 45. Nd1 Nd5
46. Nf2 Kf5 47. Nd3 Nc7 48. Nf2 Ne6+ 49. Ke3 h4 50. Ne4 Kg4 51. gxh4 gxh4 52.
Kf2 Nd4 53. Nc3 Nc2 54. Nxb5 Kf5 55. Nc3 Nxa3 56. Nxa4 Nc2 57. Nb2 Nxb4 58. Nc4
Nd3+ 59. Kg1 Ke4 60. Na5 Kd5 61. Kh2 Nf2 62. g3 h3 63. g4 Nxg4+ 64. Kxh3
1/2-1/2

[Event "MCR senioru 2014 - nad 50 let"]
[Site "Rychnov nad Kneznou"]
[Date "2014.08.22"]
[Round "7.3"]
[White "Masek, Jan"]
[Black "Vlachopulos, Georgis"]
[Result "1/2-1/2"]
[WhiteElo "1930"]
[BlackElo "1952"]
[PlyCount "97"]
[EventDate "2014.??.??"]

1. e4 c5 2. Bc4 Nf6 3. e5 d5 4. Bb5+ Bd7 5. Qe2 Qb6 6. Nc3 d4 7. exf6 dxc3 8.
Bxd7+ Nxd7 9. fxe7 cxd2+ 10. Bxd2 Bxe7 11. Bc3 O-O 12. O-O-O Bg5+ 13. Kb1 Bf6
14. Bxf6 Nxf6 15. Nf3 Rfe8 16. Ne5 Qe6 17. Rhe1 Rad8 18. f4 Rxd1+ 19. Rxd1 h6
20. Qf3 Re7 21. Qa3 b6 22. Qf3 g6 23. a3 Kg7 24. g4 g5 25. fxg5 hxg5 26. Re1
Nxg4 27. Nd3 Ne3 28. Nf2 f5 29. Nd1 f4 30. h4 Qe4 31. Qxe4 Rxe4 32. hxg5 Re5
33. Kc1 Kg6 34. b3 Kxg5 35. Rg1+ Kf6 36. Nf2 Re7 37. Kd2 Kf5 38. Re1 Rd7+ 39.
Kc1 b5 40. Nd3 c4 41. Nf2 Rh7 42. Nd1 Nxd1 43. Kxd1 c3 44. Re8 Rf7 45. Ke2 Rc7
46. Kf3 Rh7 47. Rf8+ Ke5 48. Re8+ Kf5 49. Rf8+ 1/2-1/2

[Event "MCR senioru 2014 - nad 50 let"]
[Site "Rychnov nad Kneznou"]
[Date "2014.08.22"]
[Round "7.4"]
[White "Malinovsky, Petr"]
[Black "Zmeskal, Stanislav"]
[Result "1-0"]
[WhiteElo "1995"]
[BlackElo "1691"]
[PlyCount "83"]
[EventDate "2014.??.??"]

1. d4 d5 2. c4 c6 3. e3 Nf6 4. Nf3 e6 5. Bd3 Be7 6. b3 O-O 7. Bb2 Nbd7 8. Nbd2
Re8 9. O-O b6 10. e4 dxe4 11. Nxe4 Bb7 12. Qe2 Qc7 13. Rad1 Nxe4 14. Bxe4 Nf8
15. Ne5 f6 16. Nd3 Rad8 17. f4 c5 18. Bxb7 Qxb7 19. dxc5 Bxc5+ 20. Nxc5 bxc5
21. Rd3 Rxd3 22. Qxd3 Re7 23. Qe3 Qc6 24. h3 Rd7 25. Ba3 Rd4 26. Bb2 Rd6 27.
Bc3 Ng6 28. b4 cxb4 29. Bxb4 Rd7 30. g3 Qxc4 31. a3 Ne7 32. Rc1 Qd5 33. Rc5
Qd1+ 34. Kf2 Kf7 35. Rc1 Qa4 36. Qc5 Nd5 37. Qf8+ Kg6 38. Qe8+ Kh6 39. Rc5 Qa6
40. g4 g6 41. Qxd7 Nxf4 42. Bd2 1-0

[Event "MCR senioru 2014 - nad 50 let"]
[Site "Rychnov nad Kneznou"]
[Date "2014.08.22"]
[Round "7.5"]
[White "Nisztuk, Michal"]
[Black "Nìmec, Otakar"]
[Result "1-0"]
[WhiteElo "1743"]
[BlackElo "1866"]
[PlyCount "113"]
[EventDate "2014.08.16"]

1. e4 c5 2. Nf3 Nc6 3. d4 cxd4 4. Nxd4 Nf6 5. Nc3 e5 6. Nb3 Bb4 7. Bd2 Bxc3 8.
Bxc3 d5 9. exd5 Nxd5 10. Bd2 O-O 11. Be2 f5 12. O-O b6 13. Re1 e4 14. Bg5 Nf6
15. Bb5 Bb7 16. c4 Ne5 17. Nd4 Qc8 18. Bf4 Nd3 19. Ne2 Nxe1 20. Qxe1 Rd8 21.
Qb4 Qe6 22. Bc7 Rdc8 23. Nd4 Qf7 24. Bd6 a6 25. Ba4 Rxc4 26. Bb3 Rxb4 27. Bxf7+
Kxf7 28. Bxb4 g6 29. Re1 Rd8 30. Ne2 Rc8 31. h3 Nd5 32. Bd6 Rc2 33. Be5 Ke6 34.
Nd4+ Kxe5 35. Nxc2 f4 36. a4 Bc6 37. b3 Nc3 38. Nb4 Bb7 39. Nd3+ Kf5 40. Nb2
Bd5 41. g4+ Kf6 42. Nd1 Nxd1 43. Rxd1 Ke5 44. b4 e3 45. Kf1 h5 46. Rc1 hxg4 47.
hxg4 g5 48. Rc7 Bf3 49. fxe3 fxe3 50. Re7+ Kf4 51. Re6 Bd1 52. a5 bxa5 53. bxa5
Ba4 54. Rb6 Kf3 55. Ke1 Bd7 56. Rxa6 Kxg4 57. Rd6 1-0

[Event "MCR senioru 2014 - nad 50 let"]
[Site "Rychnov nad Kneznou"]
[Date "2014.08.22"]
[Round "7.6"]
[White "Madìra, Stanislav"]
[Black "Chládek, Václav"]
[Result "0-1"]
[WhiteElo "1794"]
[BlackElo "2044"]
[PlyCount "133"]
[EventDate "2014.08.16"]

1. d4 d5 2. c4 c6 3. cxd5 cxd5 4. Nc3 Nf6 5. Nf3 a6 6. a3 Bf5 7. Bf4 Nc6 8. b4
Ne4 9. Rc1 e6 10. e3 Be7 11. h3 Nxc3 12. Rxc3 O-O 13. Be2 Nxb4 14. O-O Nc6 15.
Qc1 Bd6 16. g4 Bxf4 17. exf4 Be4 18. Qd2 Qb6 19. Rc5 Qb3 20. Rc3 Qa4 21. Rd1
Rac8 22. Ne5 Ne7 23. Rdc1 f6 24. Bd1 Qb5 25. Be2 Qe8 26. Nd3 Bxd3 27. Bxd3 Rxc3
28. Rxc3 f5 29. Qe3 Qd7 30. gxf5 Nxf5 31. Qe5 Nd6 32. h4 Rc8 33. Rxc8+ Nxc8 34.
f5 Qd6 35. Qxe6+ Qxe6 36. fxe6 g6 37. Be2 Kg7 38. Bf3 Ne7 39. Kh2 Kf6 40. Bg4
Nf5 41. h5 Kxe6 42. hxg6 hxg6 43. f4 Kd6 44. Be2 Nxd4 45. Bd3 Nf5 46. Kh3 b5
47. Kg4 d4 48. Kg5 Ne7 49. Be4 a5 50. Kf6 b4 51. axb4 axb4 52. Bc2 Nd5+ 53.
Kxg6 Nxf4+ 54. Kf5 Nd5 55. Ke4 Kc5 56. Bb3 Nf6+ 57. Kd3 Ng4 58. Ke2 Ne5 59. Bc2
Kc4 60. Kd2 b3 61. Bb1 Nf3+ 62. Ke2 Ne5 63. Kd2 Kb4 64. Ke2 Kc3 65. Kd1 Nc4 66.
Kc1 Nd2 67. Bc2 0-1

[Event "MCR senioru 2014 - nad 50 let"]
[Site "Rychnov nad Kneznou"]
[Date "2014.08.22"]
[Round "7.7"]
[White "Kubelová, Soòa"]
[Black "Papáèek, Miloš"]
[Result "0-1"]
[WhiteElo "1624"]
[BlackElo "1761"]
[PlyCount "82"]
[EventDate "2014.08.16"]

1. d4 Nf6 2. c4 g6 3. Nc3 d6 4. e4 Bg7 5. f3 Nbd7 6. Nge2 a5 7. Be3 e5 8. d5
Nc5 9. Qd2 Nfd7 10. Ng3 a4 11. Be2 h5 12. Rf1 h4 13. Nh1 Nf6 14. Bg5 Qd7 15.
Nf2 Nh5 16. Nh3 Bf6 17. Bxf6 Nxf6 18. Ng5 Nh5 19. Nb5 Qe7 20. O-O-O Nf4 21. Rf2
O-O 22. g3 Qxg5 23. gxf4 exf4 24. Nxc7 Rb8 25. Nb5 Qe7 26. Qxf4 Rd8 27. Qh6 Bd7
28. Nd4 Qf6 29. Rg1 Qxd4 30. Rfg2 Be8 31. Rd1 Qg7 32. Qxh4 a3 33. Bd3 axb2+ 34.
Rxb2 Qc3+ 35. Bc2 Na4 36. Rb3 Qxc4 37. Qf6 Rdc8 38. Rd2 Rc7 39. Qd4 b5 40. Qf2
Nc3 41. Kb2 Ra8 0-1

[Event "MCR senioru 2014 - nad 50 let"]
[Site "Rychnov nad Kneznou"]
[Date "2014.08.22"]
[Round "7.8"]
[White "Zoufalý, Petr"]
[Black "Vorel, Bohuslav"]
[Result "1/2-1/2"]
[WhiteElo "1719"]
[BlackElo "1633"]
[PlyCount "71"]
[EventDate "2014.08.16"]

1. d4 Nf6 2. Nf3 d6 3. e3 g6 4. Be2 Bg7 5. O-O O-O 6. c4 c6 7. Nc3 b6 8. Qc2 d5
9. b3 Bf5 10. Bd3 Bxd3 11. Qxd3 Nbd7 12. Ba3 Re8 13. cxd5 Nxd5 14. Nxd5 cxd5
15. Rac1 Bf8 16. Bb2 e6 17. Rc2 Rc8 18. Rfc1 Rxc2 19. Rxc2 Qb8 20. Qa6 Bd6 21.
g3 Rd8 22. Rc6 Nf6 23. Nd2 Ne8 24. e4 Nc7 25. Qd3 Qb7 26. Rc1 Be7 27. e5 Ne8
28. Nb1 Rc8 29. Qb5 Rxc1+ 30. Bxc1 Qc8 31. Bh6 Ng7 32. Qd3 Nf5 33. Bd2 a6 34.
a4 Qb7 35. Nc3 Bf8 36. Bg5 1/2-1/2

[Event "MCR senioru 2014 - nad 60 let"]
[Site "Rychnov nad Kneznou"]
[Date "2014.08.22"]
[Round "7.1"]
[White "Jablecnik, Gustav"]
[Black "Jerman, Richard"]
[Result "1-0"]
[WhiteElo "2107"]
[BlackElo "2090"]
[PlyCount "49"]
[EventDate "2014.??.??"]

1. e4 e5 2. Nf3 Nc6 3. Bb5 a6 4. Bxc6 dxc6 5. O-O f6 6. d4 exd4 7. Nxd4 c5 8.
Ne2 Qxd1 9. Rxd1 Bd7 10. Bf4 O-O-O 11. Nbc3 Be6 12. Rxd8+ Kxd8 13. Rd1+ Kc8 14.
Nd5 Bd6 15. Nb6+ Kb8 16. Bxd6 cxd6 17. Rxd6 Bxa2 18. Rd7 Be6 19. Rxg7 Nh6 20.
Nd7+ Ka8 21. Nxc5 Bc4 22. Nd4 b6 23. Nd7 Bf7 24. Nxf6 Rd8 25. c3 1-0

[Event "MCR senioru 2014 - nad 60 let"]
[Site "Rychnov nad Kneznou"]
[Date "2014.08.22"]
[Round "7.2"]
[White "Mlynek, Petr"]
[Black "Sejkora, Vlastimil"]
[Result "0-1"]
[WhiteElo "2150"]
[BlackElo "2241"]
[PlyCount "74"]
[EventDate "2014.??.??"]

1. d4 g6 2. Nf3 Nf6 3. c4 Bg7 4. g3 d6 5. Bg2 O-O 6. O-O Nc6 7. Nc3 a6 8. Qd3
Bf5 9. e4 Bg4 10. Be3 Bxf3 11. Bxf3 Nd7 12. Bg4 e5 13. Bxd7 Qxd7 14. d5 Ne7 15.
c5 f5 16. f3 h6 17. Rac1 f4 18. gxf4 exf4 19. Bd4 dxc5 20. Bxc5 Rf7 21. Bd4
Bxd4+ 22. Qxd4 Nc6 23. Qa4 Ne5 24. Qxd7 Rxd7 25. Ne2 g5 26. Rc3 c6 27. dxc6
bxc6 28. Rc5 Re8 29. Ra5 Rd2 30. Nc3 Rxb2 31. Rxa6 Rc2 32. Nb1 Rb8 33. Ra3 Rbb2
34. Rd1 Rg2+ 35. Kh1 Rxh2+ 36. Kg1 g4 37. fxg4 f3 0-1

[Event "MCR senioru 2014 - nad 60 let"]
[Site "Rychnov nad Kneznou"]
[Date "2014.08.22"]
[Round "7.3"]
[White "Kotva, Milan"]
[Black "Pilar, Miloslav"]
[Result "0-1"]
[WhiteElo "2037"]
[BlackElo "2225"]
[PlyCount "68"]
[EventDate "2014.??.??"]

1. e4 e6 2. d4 d5 3. Nc3 Bb4 4. e5 c5 5. a3 Bxc3+ 6. bxc3 Ne7 7. Nf3 Bd7 8. Bd3
c4 9. Be2 Ba4 10. O-O Nbc6 11. Rb1 Qd7 12. Nd2 O-O-O 13. Bxc4 dxc4 14. Nxc4 Nf5
15. g4 Qd5 16. Ne3 Nxe3 17. fxe3 Rhf8 18. Qe2 f5 19. gxf5 Rxf5 20. Rxf5 exf5
21. c4 Qe4 22. Qg2 Bxc2 23. Rb2 Qxg2+ 24. Kxg2 Bd3 25. Rf2 g6 26. c5 Ne7 27.
Kg3 Be4 28. Kf4 h6 29. e6 Nc6 30. h4 Rg8 31. Rh2 Bd5 32. h5 Bxe6 33. hxg6 Rxg6
34. Rd2 Rg4+ 0-1

[Event "MCR senioru 2014 - nad 60 let"]
[Site "Rychnov nad Kneznou"]
[Date "2014.08.22"]
[Round "7.4"]
[White "Sobotnik, Petr"]
[Black "Janda, Zdenek"]
[Result "1/2-1/2"]
[WhiteElo "1951"]
[BlackElo "2183"]
[PlyCount "73"]
[EventDate "2014.??.??"]

1. c4 e5 2. Nc3 d6 3. g3 Nc6 4. Bg2 g6 5. d3 Bg7 6. Nf3 Nge7 7. O-O O-O 8. Rb1
f5 9. Bd2 Nd4 10. e3 Ne6 11. Nd5 c6 12. Nxe7+ Qxe7 13. Bc3 g5 14. Re1 Bd7 15.
b4 Rf7 16. d4 e4 17. Nd2 g4 18. Qb3 Qf6 19. Rec1 Qh6 20. d5 Ng5 21. c5 cxd5 22.
Qxd5 Be6 23. Bxg7 Rxg7 24. Qd4 dxc5 25. Qxc5 Rd7 26. Nf1 Rad8 27. Qe5 Rd5 28.
Qb2 Qh5 29. Rc7 Bf7 30. Rbc1 Nh3+ 31. Kh1 R5d7 32. Rxd7 Rxd7 33. Rc8+ Be8 34.
Qe5 Kf8 35. Qh8+ Ke7 36. Qe5+ Kf8 37. Qh8+ 1/2-1/2

[Event "MCR senioru 2014 - nad 60 let"]
[Site "Rychnov nad Kneznou"]
[Date "2014.08.22"]
[Round "7.6"]
[White "Drabek, Miloslav"]
[Black "Novotny, Josef"]
[Result "1-0"]
[WhiteElo "2028"]
[BlackElo "2134"]
[PlyCount "91"]
[EventDate "2014.??.??"]

1. d4 e6 2. Nf3 d6 3. c4 b6 4. g3 Bb7 5. Bg2 Nd7 6. O-O Ngf6 7. Nc3 Be7 8. Qc2
c6 9. Bf4 h6 10. h3 g5 11. Bd2 Qc7 12. Rac1 O-O-O 13. Qa4 a6 14. b4 g4 15. hxg4
Nxg4 16. c5 Rdg8 17. d5 dxc5 18. dxc6 Bxc6 19. Qxa6+ Qb7 20. Qxb7+ Bxb7 21.
bxc5 bxc5 22. Nb5 h5 23. Rfd1 h4 24. gxh4 Bxf3 25. exf3 Nge5 26. Bf4 Rxh4 27.
Bg3 Rb4 28. Nd6+ Kc7 29. Bxe5 Nxe5 30. Rxc5+ Nc6 31. Rdc1 Rb6 32. Nb5+ Kb7 33.
Rh5 Bg5 34. f4 Bxf4 35. Rc4 e5 36. a4 Ka6 37. Kf1 Nd8 38. Be4 Ka5 39. Rh3 Ne6
40. Rd3 Ng5 41. Bg2 f5 42. Rd5 Ka6 43. Rd7 Ka5 44. Rd5 Ka6 45. Nc7+ Ka7 46.
Ra5+ 1-0

[Event "MCR senioru 2014 - nad 60 let"]
[Site "Rychnov nad Kneznou"]
[Date "2014.08.22"]
[Round "7.7"]
[White "Hastik, Svatopluk"]
[Black "Pavlis, Jaromir"]
[Result "1/2-1/2"]
[WhiteElo "2075"]
[BlackElo "1948"]
[PlyCount "69"]
[EventDate "2014.??.??"]

1. d4 d5 2. c4 e6 3. Nc3 Nf6 4. Bg5 Nbd7 5. e3 c6 6. cxd5 exd5 7. Nf3 Be7 8.
Bd3 Ne4 9. Bxe4 Bxg5 10. Nxg5 Qxg5 11. Bf3 Nf6 12. Ne2 Bg4 13. Bxg4 Qxg4 14.
Ng3 Qxd1+ 15. Rxd1 g6 16. Rd3 Ne4 17. Ne2 Kd7 18. O-O Rhe8 19. Rc1 f5 20. Rb3
Rab8 21. Nf4 Nf6 22. Nd3 Kc7 23. h3 Nd7 24. Rbc3 Rbc8 25. a4 Kb8 26. a5 a6 27.
Kf1 Nf6 28. Ne5 Ne4 29. R3c2 Re7 30. b4 Nd6 31. Ke2 Nb5 32. Kd3 Rce8 33. Rc5
Na7 34. f3 Nb5 35. Re1 1/2-1/2

[Event "MCR senioru 2014 - nad 60 let"]
[Site "Rychnov nad Kneznou"]
[Date "2014.08.22"]
[Round "7.8"]
[White "Trojan, Lubos"]
[Black "Lexa, Vaclav"]
[Result "1-0"]
[WhiteElo "2032"]
[BlackElo "1900"]
[PlyCount "89"]
[EventDate "2014.??.??"]

1. d4 d5 2. Nf3 Nf6 3. Bf4 e6 4. Nbd2 Bd6 5. Bg5 Be7 6. e3 c6 7. Bd3 Nbd7 8.
O-O O-O 9. c4 dxc4 10. Nxc4 Nd5 11. Bxe7 Qxe7 12. Rc1 Re8 13. a3 f6 14. Qc2 Nf8
15. Rfe1 Bd7 16. Qd2 Nb6 17. e4 Nxc4 18. Bxc4 Rad8 19. Qa5 Ra8 20. Rcd1 Kh8 21.
Qc7 Rab8 22. Qg3 Rbd8 23. b4 Bc8 24. e5 f5 25. Be2 Nd7 26. h4 Rg8 27. Bc4 Nb6
28. Bb3 Nd5 29. Qg5 Qf7 30. h5 Nc3 31. Nh4 h6 32. Qg6 Qxg6 33. Nxg6+ Kh7 34.
Rd3 Nd5 35. Bxd5 cxd5 36. Rc1 Bd7 37. Rc7 Bc6 38. Rg3 Rd7 39. Rxd7 Bxd7 40. Rc3
Bc6 41. Ne7 Re8 42. Nxc6 Rc8 43. b5 a6 44. Rc5 bxc6 45. Rxc6 1-0

[Event "MCR senioru 2014 - nad 60 let"]
[Site "Rychnov nad Kneznou"]
[Date "2014.08.22"]
[Round "7.9"]
[White "Koci, Ladislav"]
[Black "Zboril, Jaroslav"]
[Result "0-1"]
[WhiteElo "1915"]
[BlackElo "1973"]
[PlyCount "159"]
[EventDate "2014.??.??"]

1. d4 d6 2. Nf3 Bg4 3. Nc3 Nf6 4. e4 e6 5. h3 Bh5 6. Bg5 Be7 7. Qd3 c6 8. O-O-O
Bg6 9. Qe3 d5 10. e5 Nfd7 11. Bxe7 Qxe7 12. g4 a6 13. h4 h5 14. g5 c5 15. Bd3
Bxd3 16. cxd3 g6 17. dxc5 Nxc5 18. Nd4 Nc6 19. Nxc6 bxc6 20. d4 Nd7 21. Na4 O-O
22. Kb1 Rfb8 23. Nc5 Nxc5 24. dxc5 Rb5 25. Rc1 Rab8 26. Rc2 Qb7 27. Qd2 Rb4 28.
Rh3 Qc7 29. f4 Qb7 30. Rf3 a5 31. Ka1 a4 32. Ra3 Re4 33. Rf3 Qb4 34. a3 Qxd2
35. Rxd2 Re1+ 36. Ka2 Rb5 37. b3 axb3+ 38. Rxb3 Rxc5 39. Rb8+ Kg7 40. Rdb2 Re4
41. Rc8 Rb5 42. Rxc6 Rxb2+ 43. Kxb2 Rxf4 44. Kb3 Rxh4 45. a4 Rh1 46. Kb2 Re1
47. a5 Rxe5 48. Rc3 d4 49. Ra3 Rb5+ 50. Kc2 f6 51. gxf6+ Kxf6 52. a6 Rb8 53.
Kd3 Kf5 54. Kxd4 Ra8 55. Ra5+ Kg4 56. Ke3 g5 57. Kf2 e5 58. Ra4+ Kf5 59. Ra5
Kf4 60. Ra4+ e4 61. Kg2 g4 62. a7 h4 63. Ra1 h3+ 64. Kh2 Kf3 65. Rf1+ Ke2 66.
Rf7 e3 67. Rd7 Ke1 68. Kg3 e2 69. Rb7 Kf1 70. Rf7+ Ke1 71. Rd7 Rc8 72. Rb7 Rc3+
73. Kh2 Ra3 74. Rd7 Ra2 75. Kg3 Kf1 76. Rf7+ Kg1 77. Re7 h2 78. Rxe2 Ra3+ 79.
Kxg4 h1=Q 80. Re1+ 0-1

[Event "MCR senioru 2014 - nad 60 let"]
[Site "Rychnov nad Kneznou"]
[Date "2014.08.22"]
[Round "7.10"]
[White "Jirasek, Jiri"]
[Black "Dolezal, Radoslav"]
[Result "1-0"]
[WhiteElo "1898"]
[BlackElo "1956"]
[PlyCount "87"]
[EventDate "2014.??.??"]

1. d4 d5 2. c4 c6 3. e3 g6 4. Nc3 Nf6 5. Nf3 Bg7 6. Be2 O-O 7. O-O Nbd7 8. Bd2
Re8 9. Rc1 a6 10. Qb3 Nb6 11. Ne5 dxc4 12. Nxc4 Nxc4 13. Bxc4 e6 14. Rfd1 b5
15. Be2 e5 16. dxe5 Rxe5 17. Bf3 Be6 18. Qc2 Rc8 19. e4 Qe7 20. Bf4 Bg4 21.
Bxe5 Qxe5 22. Qe2 Be6 23. a3 h5 24. Qd2 Nd7 25. Qd6 Qg5 26. Qg3 Qd8 27. Be2 Qe8
28. f4 Bb3 29. Rd2 Nc5 30. e5 Be6 31. Rdd1 Bf5 32. Rd6 Bf8 33. Rf6 Kh7 34. Rxf5
gxf5 35. Qg5 Qe6 36. Qxh5+ Kg8 37. b4 Nd7 38. Bd3 Qg6 39. Qxf5 Qxf5 40. Bxf5
Rc7 41. Rd1 Nb6 42. Ne4 Nc4 43. Nf6+ Kh8 44. Rd8 1-0

[Event "MCR senioru 2014 - nad 60 let"]
[Site "Rychnov nad Kneznou"]
[Date "2014.08.22"]
[Round "7.11"]
[White "Klimeš, Jiøí"]
[Black "Grabow, Pouelsten Holm"]
[Result "0-1"]
[WhiteElo "1889"]
[BlackElo "2150"]
[PlyCount "82"]
[EventDate "2014.08.16"]

1. e4 e6 2. d4 d5 3. Nd2 c5 4. exd5 Qxd5 5. Ngf3 cxd4 6. Bc4 Qd8 7. O-O Nc6 8.
Ne4 Be7 9. Re1 Nf6 10. Bb5 Bd7 11. b3 a6 12. Bf1 O-O 13. Bb2 e5 14. Ng3 Bb4 15.
Nd2 Re8 16. a3 Bf8 17. c3 Bg4 18. f3 Be6 19. Kh1 b5 20. a4 Qb6 21. cxd4 exd4
22. Nde4 Nxe4 23. Rxe4 bxa4 24. b4 Bb3 25. Qe1 Red8 26. Rh4 Nxb4 27. Nf5 Nc2
28. Qg3 Qg6 29. Qh3 Ne3 30. Bd3 Be6 31. g4 Kh8 32. Be4 Nxg4 33. Rxg4 Bxf5 34.
Qg3 Qe6 35. Bxa8 Bxg4 36. Re1 Qc8 37. Be4 Bf5 38. Rg1 Bxe4 39. fxe4 Qc2 40. Ba3
Qxe4+ 41. Rg2 Qe8 0-1

[Event "MCR senioru 2014 - nad 60 let"]
[Site "Rychnov nad Kneznou"]
[Date "2014.08.22"]
[Round "7.12"]
[White "Just, Pavel"]
[Black "Pittermann, Jan"]
[Result "1-0"]
[WhiteElo "2013"]
[BlackElo "1838"]
[PlyCount "131"]
[EventDate "2014.08.16"]

1. e4 c5 2. Nf3 Nc6 3. d4 cxd4 4. Nxd4 e5 5. Nb3 d6 6. Nc3 Nf6 7. Be2 Be7 8.
O-O O-O 9. Bf3 Ne8 10. Nd5 f5 11. exf5 Bxf5 12. Qe2 Rc8 13. c3 Nf6 14. Nxf6+
Bxf6 15. Bd5+ Kh8 16. Be3 Qe7 17. Rad1 Bg6 18. Rd2 e4 19. Nd4 Be5 20. f4 exf3
21. Nxf3 Bh5 22. Bf2 Rce8 23. Re1 Qf6 24. Qd3 Bf4 25. Rxe8 Rxe8 26. Bxc6 bxc6
27. Re2 Rxe2 28. Qxe2 Qg6 29. Qe7 Qe8 30. Qxe8+ Bxe8 31. Bxa7 c5 32. b3 Bc6 33.
b4 Be3+ 34. Kf1 Bb5+ 35. Ke1 Kg8 36. bxc5 dxc5 37. g3 Kf7 38. c4 Ba6 39. Ke2
Bc1 40. Kd3 Ba3 41. Ng5+ Kf6 42. Nxh7+ Kf5 43. Nf8 Bc8 44. h4 Kg4 45. Bb8 g5
46. hxg5 Kxg5 47. Bf4+ Kg4 48. Kc2 Bf5+ 49. Kb3 Bb4 50. a4 Ba5 51. Bd6 Bb6 52.
Kc3 Ba5+ 53. Kb2 Bb6 54. Be5 Kf3 55. Kb3 Kg4 56. Bb8 Kf3 57. Bd6 Kg4 58. Kb2
Kf3 59. Kb3 Kg4 60. a5 Bxa5 61. Ka4 Be1 62. Kb5 Bf2 63. Kc6 Bd3 64. Nd7 Be4+
65. Kb5 Bxg3 66. Nf6+ 1-0

[Event "MCR senioru 2014 - nad 60 let"]
[Site "Rychnov nad Kneznou"]
[Date "2014.08.22"]
[Round "7.13"]
[White "Švec, Ludìk"]
[Black "Chmelík, Jiøí"]
[Result "0-1"]
[WhiteElo "1693"]
[BlackElo "1976"]
[PlyCount "116"]
[EventDate "2014.08.16"]

1. Nf3 c5 2. c4 Nf6 3. g3 b6 4. Bg2 Bb7 5. O-O e6 6. Nc3 Be7 7. e3 O-O 8. b3 d6
9. Bb2 a6 10. Rc1 Ra7 11. Re1 Re8 12. d4 Nbd7 13. Nd2 cxd4 14. exd4 Bxg2 15.
Kxg2 b5 16. cxb5 axb5 17. Qe2 Qb8 18. Ra1 b4 19. Nd1 Qa8+ 20. Qf3 Rxa2 21. Rxa2
Qxa2 22. Qb7 d5 23. Qc7 Qa6 24. Qc2 Rc8 25. Qb1 Ne8 26. Ne3 Bf6 27. Rc1 Nd6 28.
Rxc8+ Qxc8 29. Qc2 Qxc2 30. Nxc2 Nb5 31. Nf3 Be7 32. Kf1 Nb8 33. Ke1 f6 34. Kd2
Nc6 35. Ne3 Kf7 36. Kd3 Bd6 37. h4 Nc7 38. Nc2 Na5 39. Nd2 e5 40. Ke2 Ke6 41.
Kf3 Nb5 42. Kg2 Nc6 43. f3 Bc7 44. g4 Bb6 45. dxe5 fxe5 46. Kf1 Bd8 47. h5 Bg5
48. Ke2 g6 49. hxg6 hxg6 50. Kd3 Nc7 51. Nf1 Na6 52. Ke2 Nc5 53. Na1 Be7 54.
Nd2 Na5 55. Kd1 Bg5 56. Kc2 Bxd2 57. Kxd2 Ncxb3+ 58. Nxb3 Nxb3+ 0-1

[Event "MCR senioru 2014 - nad 60 let"]
[Site "Rychnov nad Kneznou"]
[Date "2014.08.22"]
[Round "7.14"]
[White "Šíbl, Václav"]
[Black "Glöckner, Jaromír"]
[Result "1-0"]
[WhiteElo "1965"]
[BlackElo "1848"]
[PlyCount "67"]
[EventDate "2014.08.16"]

1. d4 Nf6 2. Bf4 d6 3. e3 Nbd7 4. Nf3 g6 5. h3 Bg7 6. Be2 O-O 7. O-O Re8 8. c4
e6 9. Nc3 a6 10. Rc1 b6 11. Re1 Bb7 12. Qc2 Nh5 13. Bh2 f5 14. b4 Qe7 15. Na4
Be4 16. Qb3 c5 17. dxc5 bxc5 18. Qa3 e5 19. Red1 f4 20. bxc5 dxc5 21. Rxd7 Qxd7
22. Nb6 Qc6 23. Nxa8 Rxa8 24. Rd1 Bf6 25. Ne1 Bxg2 26. Bxh5 Bxh3 27. Be2 f3 28.
Bxf3 e4 29. Bg2 Qe6 30. Qxc5 Bxg2 31. Nxg2 Qg4 32. Qd5+ Kg7 33. Qd7+ Qxd7 34.
Rxd7+ 1-0

[Event "MCR senioru 2014 - nad 60 let"]
[Site "Rychnov nad Kneznou"]
[Date "2014.08.22"]
[Round "7.15"]
[White "Innemann, František"]
[Black "Brhlík, Antonín"]
[Result "0-1"]
[WhiteElo "1906"]
[BlackElo "1688"]
[PlyCount "138"]
[EventDate "2014.08.16"]

1. e4 c5 2. f4 d5 3. exd5 Nf6 4. c4 e6 5. Nc3 exd5 6. cxd5 Nxd5 7. Bb5+ Bd7 8.
Qe2+ Ne7 9. Nf3 Nbc6 10. Ne4 Qc7 11. Nxc5 O-O-O 12. Nxd7 Qxd7 13. Ne5 Qe6 14.
Bc4 Nd5 15. Nxc6 Qxc6 16. O-O Bc5+ 17. Kh1 f5 18. Qe5 Rhf8 19. d4 Bb6 20. Bd2
Bc7 21. Bxd5 Qxd5 22. Qxd5 Rxd5 23. Bc3 Re8 24. g3 Kd7 25. Kg2 Re2+ 26. Rf2 Re4
27. Rd1 Bb6 28. Kf1 Ba5 29. Re2 Rxe2 30. Kxe2 Bxc3 31. bxc3 Ra5 32. Rd2 b5 33.
Kd3 Ra3 34. Rb2 a6 35. h3 h5 36. h4 Kd6 37. Kc2 Kd5 38. Kd3 Kd6 39. Re2 b4 40.
Kc4 bxc3 41. Kb4 c2 42. Rxc2 Rxg3 43. Rc5 Rg4 44. Ra5 Rxf4 45. Kc4 Rxh4 46.
Rxa6+ Ke7 47. Kc5 Rh2 48. Kd5 Re2 49. Ra7+ Kf6 50. Ra6+ Kf7 51. Ra7+ Re7 52.
Ra3 g5 53. Rf3 f4 54. Kc6 Re3 55. Rf1 f3 56. d5 Rc3+ 57. Kd7 g4 58. Re1 f2 59.
Re7+ Kf6 60. Re8 g3 61. d6 Rd3 62. Rf8+ Kg7 63. Rf5 Rd1 64. Ke7 Re1+ 65. Kd8
f1=Q 66. Rxf1 Rxf1 67. d7 Rf8+ 68. Kc7 g2 69. a4 g1=Q 0-1

[Event "MCR senioru 2014 - nad 60 let"]
[Site "Rychnov nad Kneznou"]
[Date "2014.08.22"]
[Round "7.16"]
[White "Zapletal, Milan"]
[Black "Sedláèek, Jan"]
[Result "0-1"]
[WhiteElo "1844"]
[BlackElo "1891"]
[PlyCount "98"]
[EventDate "2014.08.16"]

1. c4 Nf6 2. Nc3 g6 3. e4 d6 4. d4 Bg7 5. Nf3 O-O 6. h3 Nbd7 7. Be3 e5 8. Bd3
c6 9. d5 c5 10. a3 Ne8 11. g4 Ndf6 12. Nh2 a6 13. Be2 Nc7 14. g5 Nfe8 15. h4 f5
16. gxf6 Nxf6 17. h5 gxh5 18. Bxh5 Nxh5 19. Qxh5 Qe8 20. Qe2 b5 21. Kd2 bxc4
22. Rag1 Rb8 23. Kc1 Nb5 24. Nxb5 Qxb5 25. Nf1 Rf6 26. Bh6 Rg6 27. Bxg7 Rxg7
28. Rxg7+ Kxg7 29. Rg1+ Kh8 30. f4 Qb3 31. Rg3 Qa2 32. Qc2 Qa1+ 33. Qb1 Qxb1+
34. Kxb1 Rb3 35. Rxb3 cxb3 36. fxe5 dxe5 37. Nd2 h5 38. Nf3 Kg7 39. Nxe5 h4 40.
Nf3 h3 41. e5 Kg6 42. Kc1 Kf5 43. e6 Kf4 44. Nh2 Kg3 45. Nf1+ Kg2 46. Ne3+ Kf3
47. Nf1 Ke4 48. e7 Bd7 49. d6 Ke5 0-1

[Event "MCR senioru 2014 - nad 60 let"]
[Site "Rychnov nad Kneznou"]
[Date "2014.08.22"]
[Round "7.17"]
[White "Majerik, Vladimír"]
[Black "Haderka, Karel"]
[Result "1-0"]
[WhiteElo "1885"]
[BlackElo "1836"]
[PlyCount "35"]
[EventDate "2014.08.16"]

1. d4 d5 2. Bg5 Nf6 3. Nd2 e6 4. e3 Be7 5. Bd3 h6 6. Bh4 Nc6 7. c3 e5 8. dxe5
Nxe5 9. Bc2 c6 10. h3 Be6 11. Ngf3 Nfd7 12. Bg3 Bf6 13. O-O g5 14. Nd4 Qe7 15.
f4 gxf4 16. exf4 Bxh3 17. gxh3 Bh4 18. Nf5 1-0